| 000 | 00520nab a2200193 a 4500 | ||
|---|---|---|---|
| 001 | 22903 | ||
| 003 | 73583 | ||
| 005 | 20201118100252.0 | ||
| 008 | ||||||n9999 ||| || || | ||
| 100 | _aVeloza P, Mauricio | ||
| 245 | 0 | _aEl sector financiero y la multibanca: es necesario mantener el esquema actual | |
| 300 | _app. 28-31 | ||
| 562 | _e0 | ||
| 650 | _aPOLÍTICA BANCARIA | ||
| 650 | _aPOLÍTICA ECONÓMICA | ||
| 650 | _aSECTOR FINANCIERO | ||
| 773 |
_022894 _aNueva Frontera - No.933 |
||
| 942 | _cSART | ||
| 999 |
_c22903 _d22903 |
||